| 000 | 01099cam a2200289 4500 | ||
|---|---|---|---|
| 001 | L154183 | ||
| 002 | ##9070 | ||
| 008 | 050720n2010 000 0 eng u | ||
| 020 | _a0727733745 | ||
| 035 | _a(Sirsi) u154281 | ||
| 041 | 0 | _aeng | |
| 050 | 0 | 4 | _a624.04 $2 18 |
| 110 | 2 |
_aInstitution of Civil Engineers _91402 |
|
| 245 | _aAdjudicator's Contract | ||
| 250 | _a3rd ed. | ||
| 260 |
_aLondon _bThomas Telford _c2010 |
||
| 300 |
_aiv, 7p. _c30cm. |
||
| 350 | _a15 | ||
| 490 |
_aNew Engineering Contract (Third Edition) _vAdjudicator's Contract (Third Edition) |
||
| 520 | _aAlthough intended for use to appoint an adjudicator to resolve disputes under the NEC3 suite of contracts, it may also be used in conjunction with other forms. | ||
| 590 | _aSupersedes second edition (ISBN 0727726366). | ||
| 650 | 2 | 4 | _aNEW ENGINEERING CONTRACT (THIRD EDITION) |
| 650 | 2 | 4 | _aNEC ADJUDICATOR'S CONTRACT (THIRD EDITION) |
| 651 | 4 | _aENGLAND AND WALES | |
| 690 | _aBUILT ENVIRONMENT-BUILDING CONTRACT FORMS-STANDARD FORMS OF BUILDING CONTRACT-NEW ENGINEERING CONTRACT CONTRACTS | ||
| 942 | _n0 | ||
| 999 |
_c112921 _d112921 |
||